|
|
|
|
| LEADER |
00000ny a22000003n 4500 |
| 005 |
2011062004344.0 |
| 008 |
100323s bl 000 0 por d |
| 035 |
|
|
|a 2815
|
| 040 |
|
|
|a BUS
|d vLex
|
| 090 |
|
|
|c 1343
|d 1343
|
| 100 |
1 |
|
|a Zanetti Robson
|
| 245 |
1 |
0 |
|a Assďio moral no trabalho
|h [Recurso electrn̤ico]
|c Robson Zanetti
|
| 256 |
|
|
|a Servicio en ln̕ea
|
| 260 |
|
|
|a Brasil :
|b Robson Zanetti Advogados,
|c 2009
|
| 506 |
1 |
|
|a Contenido solo disponible en los productos indicados
|d vLex Global
|d vLex Global (Academic Edition, excluding Law Schools)
|d vLex Global (U.S. Academic Edition, Law Schools)
|d vLex Global (U.S. Academic Edition, excluding Law Schools)
|d vLex Global (Academic Edition, Law Schools)
|
| 650 |
0 |
4 |
|a Acoso en el lugar de trabajo
|
| 740 |
0 |
|
|a vLex Libros (Servicios en ln̕ea)
|
| 856 |
|
|
|z Acceso restringido
|u http://vlex.com/source/assedio-moral-trabalho-2815
|
| 942 |
|
|
|c BOOK
|